Promlčení a prekluze v novelizovaném hospodářském zákoníku.
Všeobecným dôsledkom doteraz platnej úpravy hospodárskeho zákonníka pri uplynutí lehoty stanovenej k uplatneniu práva bola jeho preklúzia. Pri premlčaní je právna situácia odlišná. Hospodársky zákonník stanoví, že určité práva sa nepremlčujú. Úprava dĺžky premlčacích a prekluzívnych lehôt.
Salvato in:
| Autore principale: | |
|---|---|
| Natura: | Capitolo di libro |
| Lingua: | ceco |
| Soggetti: | |
| Tags: |
Nessun Tag, puoi essere il primo ad aggiungerne!!
|
MARC
| LEADER | 00000naa a2200000 4500 | ||
|---|---|---|---|
| 001 | r004175 | ||
| 005 | 20221125080529.8 | ||
| 041 | 0 | |a cze | |
| 044 | |a [CS] | ||
| 245 | 1 | 0 | |a Promlčení a prekluze v novelizovaném hospodářském zákoníku. |c Václav Libánsky |
| 520 | |a Všeobecným dôsledkom doteraz platnej úpravy hospodárskeho zákonníka pri uplynutí lehoty stanovenej k uplatneniu práva bola jeho preklúzia. Pri premlčaní je právna situácia odlišná. Hospodársky zákonník stanoví, že určité práva sa nepremlčujú. Úprava dĺžky premlčacích a prekluzívnych lehôt. | ||
| 610 | 2 | 0 | |a zákonník hospodársky |
| 610 | 2 | 0 | |a právo hospodárske |
| 610 | 2 | 0 | |a predpisy právne |
| 610 | 2 | 0 | |a premlčanie |
| 610 | 2 | 0 | |a ČSFR |
| 100 | 1 | |a Libánský, Václav | |